All in an African lifetime (Record no. 122562)
[ view plain ]
| 000 -LEADER | |
|---|---|
| fixed length control field | 00423nam a22001337a 4500 |
| 008 - FIXED-LENGTH DATA ELEMENTS--GENERAL INFORMATION | |
| fixed length control field | 150331b xxu||||| |||| 00| 0 eng d |
| 050 ## - LIBRARY OF CONGRESS CALL NUMBER | |
| Classification number | SPC PR9345.G828 |
| 100 ## - MAIN ENTRY--PERSONAL NAME | |
| Personal name | Wilfrid, G. (ed.) |
| 9 (RLIN) | 16816 |
| 245 ## - TITLE STATEMENT | |
| Title | All in an African lifetime |
| Statement of responsibility, etc | /by Wilfrid Grenville-grey |
| 260 ## - PUBLICATION, DISTRIBUTION, ETC. (IMPRINT) | |
| Place of publication, distribution, etc | New York |
| Name of publisher, distributor, etc | Friendship Press |
| Date of publication, distribution, etc | 1971 |
| 300 ## - PHYSICAL DESCRIPTION | |
| Extent | 47p. ; |
| Dimensions | 23p. ; |
| 650 ## - SUBJECT ADDED ENTRY--TOPICAL TERM | |
| Topical term or geographic name as entry element | African literature |
| General subdivision | Collections |
| 9 (RLIN) | 16817 |
| 942 ## - ADDED ENTRY ELEMENTS (KOHA) | |
| Source of classification or shelving scheme | Library of Congress Classification |
| Item type | Monograph ( Printed materials) |
| Withdrawn status | Lost status | Source of classification or shelving scheme | Damaged status | Not for loan | Collection code | Home library | Current library | Shelving location | Date acquired | Total Checkouts | Full call number | Barcode | Date last seen | Price effective from | Koha item type |
|---|---|---|---|---|---|---|---|---|---|---|---|---|---|---|---|
| Library of Congress Classification | Main Collection | ARRUPE LIBRARY | ARRUPE LIBRARY | Main Collection | 31/03/2015 | SPC PR9345.G828 | 46500002567 | 31/03/2015 | 31/03/2015 | SPC |